| 000 | 01120nam a2200229Ia 4500 | ||
|---|---|---|---|
| 001 | L235-7564 | ||
| 003 | IT-CnALBA | ||
| 008 | 170116s9999||||xx |||||||||||||| ||und|| | ||
| 040 |
_aIT-CnALBA _cIT-CnALBA |
||
| 041 | _aITALIANO | ||
| 100 | _aPOUPON P. M. TH. | ||
| 245 | 2 | _aA GESÙ PER MARIA. | |
| 250 | _a2a ed. | ||
| 260 |
_aCINISELLO BALSAMO (MI) _bEDIZIONI PAOLINE _c1957 [1° Ed.:1955 - Ed.Ling.Originale: 1948] |
||
| 300 | _a200 p. (prefazione: 912) | ||
| 500 | _aNOME DI GESÙ. NATURA DIVINA E UMANA. ADORAZIONE. RINGRAZIAMENTO. RIPARAZIONE. MEDIAZIONE DI MARIA RIPARATRICE. REGINA. CONSACRAZIONE A MARIA. UMILTÀ SEMPLICITÀ ABBANDONO. OBBEDIENZA. MADRE DI MISERICORDIA. | ||
| 501 | _aSocietà San Paolo EM - Piazza San Paolo, 14 - 12051 ALBA (CN) (non commercial uses only) ® Copyright 2017 | ||
| 520 | _aNOME DI GESÙ. NATURA DIVINA E UMANA. ADORAZIONE. RINGRAZIAMENTO. RIPARAZIONE. MEDIAZIONE DI MARIA RIPARATRICE. REGINA. CONSACRAZIONE A MARIA. UMILTÀ SEMPLICITÀ ABBANDONO. OBBEDIENZA. MADRE DI MISERICORDIA. | ||
| 650 | _aMARIA SS. ANGELI SANTI DEMONI | ||
| 942 | _cBK | ||
| 957 | _71 | ||
| 999 |
_a8540 _bNO _g Copie: 1 _c266746 _d266746 |
||